000 00721nam a22002891i 4500
001 0789550
003 DO-SdBNP
005 20180226131330.0
007 0789550
008 900725s1977 sp spa
016 7 _a
_2BPMSU
017 _a
_b
020 _a8485297008
_c
035 _a
035 _a
040 _aBPMSU
_bspa
_cBPMSU
080 0 _a
100 1 _d
110 _cWolt Disney Productions
245 1 0 _aManual de Tarconi /
_h
_cWalt Disney
260 _aMadrid :
_bMontena,
_c1977
300 _a254 p. :
_bil. ;
_c20 cm
650 7 _aInventos
_vLibros infantiles
_2embne
942 _2ddc
_cBK
945 _aInventariado, 2018 / BT
956 _a VMATEO
_210
_320160413
_6BPMSU
_80069
999 _c9751
_d9751